K ČINNOSTI VOLENÝCH REVIZNÍCH KOMISÍ JZD

Bibliographic Details
Main Author: Klečka, Vladimír (Author)
Format: Article
Language:Slovak

MARC

LEADER 00000nab a2200000ua 4500
001 vtls010746689
003 SK-MaSNL
005 20260304200554.0
008 250718s1977 xo |||||||||||||||||slo|
035 |a (urnnbn)urn:nbn:sk:snk:ar-a02lw9 
035 |a (uuid)4630c33a-13bd-47f2-a893-8fdb3e110316 
035 |a urn:nbn:sk:snk-ab4mlp 
040 |a SNKBUCL  |b slo  |c SNKBUCL  |e AACR2 
041 0 |a slo 
044 |a xo  |c SK 
100 1 |a Klečka, Vladimír  |4 aut  |9 1010223 
245 1 0 |a K ČINNOSTI VOLENÝCH REVIZNÍCH KOMISÍ JZD  |c Vladimír Klečka 
773 0 |t Ekonomika poľnohospodárstva  |g Roč. 16, č. 1 (1977), s. 25-27 
850 |a Slovenská národná knižnica 
852 |a Slovenská národná knižnica 
954 |a odborná, vedecká literatúra pôvodná (slovenská)  |2 lita 
958 |a article3 
958 |a OND 
958 |a EUIPO 
999 |c 3089366  |d 3091296